Managing to be free: (Record no. 14528)

000 -LEADER
fixed length control field 00758nam a2200217 a 4500
001 - CONTROL NUMBER
control field :::00012360$&:&@@
003 - CONTROL NUMBER IDENTIFIER
control field OkBaRHE
005 - DATE AND TIME OF LATEST TRANSACTION
control field 20000607103418.0
008 - FIXED-LENGTH DATA ELEMENTS--GENERAL INFORMATION
fixed length control field s1987 j 000 0 eng u
040 ## - CATALOGING SOURCE
Transcribing agency
100 1# - MAIN ENTRY--PERSONAL NAME
Personal name Daniels, Shirley and Clark, Marian Jones.
245 10 - TITLE STATEMENT
Title Managing to be free:
Remainder of title a practical guide to organizing home priorities.
260 ## - PUBLICATION, DISTRIBUTION, ETC. (IMPRINT)
Place of publication, distribution, etc Grand Rapids, MI., :
Name of publisher, distributor, etc Baker Book House
Date of publication, distribution, etc c1987
300 ## - PHYSICAL DESCRIPTION
Extent 160 p. ;
Dimensions 22 cm.
650 ## - SUBJECT ADDED ENTRY--TOPICAL TERM
Topical term or geographic name as entry element Family
General subdivision Religious Life
650 ## - SUBJECT ADDED ENTRY--TOPICAL TERM
Topical term or geographic name as entry element Family Life Education
650 ## - SUBJECT ADDED ENTRY--TOPICAL TERM
Topical term or geographic name as entry element Home Economics
700 ## - ADDED ENTRY--PERSONAL NAME
Personal name Clark, Marian Jones, Joint author.
942 ## - ADDED ENTRY ELEMENTS (KOHA)
Source of classification or shelving scheme
Koha item type Books
Copies
Total Checkouts Date acquired Date checked out Withdrawn status Shelving location Lost status Date last seen Permanent Location Not for loan Koha item type Barcode Source of classification or shelving scheme Full call number Current Location Price effective from Copy number Damaged status Total Renewals
12010-04-142016-12-01 General Stacks 2017-01-27RHEMA Bible Training College Books12360 HQ 10 D3RHEMA Bible Training College2010-04-141 3